000 00555 a2200181 4500
999 _c183000
_d183000
005 20211214115659.0
010 _aENG-130302
020 _c149.00
_a978-93259-7415-9
035 _aEN-113834
037 _bDBAD / PUB
082 _a658.42
100 _aRao, V S P
245 _aBusiness, Entrepreneurship and Management:
_bV S P Rao
260 _bVikas Publishing House Pvt ltd
_c2013
_aUttar Pradesh
270 _aE-28, Sector-28, Noida
_bUttar Pradesh
_e201301
300 _a229p.
_c24cm (pbk)
942 _adpl
_cEN
_2ddc
_h658.42
_mVSP